| 000 | 00798nam a2200205Ia 4500 | ||
|---|---|---|---|
| 008 | 0000002004 usa 0000000000eng00 | ||
| 020 | _a966285956 | ||
| 090 | _aPUS00 A52 | ||
| 245 | 1 | 0 |
_aAndrew Wyeth ́s Helga Pictures, Donald Kuspit _c/ edited by Penny Kiser |
| 300 |
_a96 p. _c/ 31 cm. |
||
| 500 | _aCon el patronazgo del maestro venezolano Jesús Rafael Soto (q.e.p.d.) \ Registro auspiciado por el IDCT. Bogotá | ||
| 600 | 0 | 0 |
_aWYETH, ANDREW, 19172009/ _xTRABAJOS PICTORICOS \ TESTORF, HELGA RETRATOS |
| 650 | 1 | 4 | _aARTE CONTEMPORANEO ESTADOUNIDENSE |
| 650 | 1 | 4 | _xCATALOGOS |
| 650 | 1 | 4 | _xEXPOSICIONES |
| 650 | 1 | 4 | _aPINTORES ESTADOUNIDENSES |
| 650 | 1 | 4 | _aPINTURA ESTADOUNIDENSE |
| 700 | 1 | _aKiser, Penny | |
| 999 |
_c4129 _d4129 |
||
| 260 |
_aWashington : International Arts & Artists _c2004 |
||